Reforma účtovníctva v Európskej únii - štvrtá direktíva
V r. 2003 oslávi Európa štvrťstoročie prijatia štvrtej direktívy EHS. Vyvrcholili tým dlhoročné snahy o zabezpečenie harmonizácie účtovníctva v európskom kontexte. IAS - Medzinárodné účtovné štandardy.
Salvato in:
| Autore principale: | |
|---|---|
| Natura: | Capitolo di libro |
| Lingua: | slovacco |
| Soggetti: | |
| Tags: |
Nessun Tag, puoi essere il primo ad aggiungerne!!
|
MARC
| LEADER | 00000naa a2200000 4500 | ||
|---|---|---|---|
| 001 | r047790 | ||
| 005 | 20240502071342.0 | ||
| 041 | 0 | |a slo | |
| 044 | |a SK | ||
| 245 | 1 | 0 | |a Reforma účtovníctva v Európskej únii - štvrtá direktíva |c Miloš Tumpach |
| 520 | |a V r. 2003 oslávi Európa štvrťstoročie prijatia štvrtej direktívy EHS. Vyvrcholili tým dlhoročné snahy o zabezpečenie harmonizácie účtovníctva v európskom kontexte. IAS - Medzinárodné účtovné štandardy. | ||
| 610 | 2 | 0 | |a účtovníctvo |
| 610 | 2 | 0 | |a Európa |
| 610 | 2 | 0 | |a štandardy |
| 610 | 2 | 0 | |a IAS |
| 610 | 2 | 0 | |a reformy |
| 610 | 2 | 0 | |a Európska únia |
| 100 | 1 | |a Tumpach, Miloš, 1970- | |